[Event "Bremen Silvester op-A"]
[Site "Bremen"]
[Date "2022.12.29"]
[Round "6"]
[White "Gebur, Thomas"]
[Black "Ruddat, Jarne"]
[Result "1/2-1/2"]
[WhiteElo "1846"]
[BlackElo "1699"]
[PlyCount "47"]
[EventDate "2022.12.27"]
[EventType "swiss"]
[EventRounds "7"]
[EventCountry "GER"]
[SourceTitle "CBM 211 Extra"]
[Source "ChessBase"]
[SourceDate "2023.01.31"]
[SourceVersion "1"]
[SourceVersionDate "2023.01.31"]
[SourceQuality "1"]

1. e4 c5 2. Nf3 Nc6 3. d3 g6 4. g3 Bg7 5. Bg2 d6 6. c3 Nf6 7. Nbd2 0-0 8. 0-0 e5 9. Rb1 a5 10. a3 a4 11. h3 b5 12. b3 Bd7 13. bxa4 bxa4 14. Nc4 Na5 15. Nxa5 Qxa5 16. Bd2 Qa6 17. c4 Rfb8 18. Qc2 Qa7 19. Rxb8+ Rxb8 20. Rb1 Rb6 21. Rb2 Qb7 22. Bc3 h5 23. Rxb6 Qxb6 24. Qb2 1/2-1/2

[Event "Bremen Silvester op-A"]
[Site "Bremen"]
[Date "2022.12.27"]
[Round "1"]
[White "Gebur, Thomas"]
[Black "Roth, Thorsten"]
[Result "1/2-1/2"]
[WhiteElo "1846"]
[BlackElo "2082"]
[PlyCount "61"]
[EventDate "2022.12.27"]
[EventType "swiss"]
[EventRounds "7"]
[EventCountry "GER"]
[SourceTitle "CBM 211 Extra"]
[Source "ChessBase"]
[SourceDate "2023.01.31"]
[SourceVersion "1"]
[SourceVersionDate "2023.01.31"]
[SourceQuality "1"]

1. e4 e5 2. Nf3 Nc6 3. d3 Nf6 4. g3 Bc5 5. Bg2 d6 6. 0-0 0-0 7. Nbd2 Be6 8. b3 Qd7 9. Bb2 Bh3 10. a3 b5 11. c4 Nd4 12. b4 Bb6 13. Nxd4 Bxd4 14. Bxd4 exd4 15. Rc1 Bxg2 16. Kxg2 c5 17. Nf3 Rfc8 18. Re1 a6 19. e5 Ng4 20. exd6 Qxd6 21. h3 Nf6 22. bxc5 Rxc5 23. cxb5 axb5 24. Rxc5 Qxc5 25. Re5 Qc6 26. Qb3 g6 27. Rxb5 Kg7 28. Rb7 Nd7 29. Qb4 Ra4 30. Qb3 Rxa3 31. Qxa3 1/2-1/2

[Event "Bremen-ch"]
[Site "Bremen"]
[Date "2019.04.16"]
[Round "5.24"]
[White "Gebur, Thomas"]
[Black "Weinitschke, Harald"]
[Result "1-0"]
[WhiteElo "1644"]
[BlackElo "1443"]
[PlyCount "65"]
[EventDate "2019.04.13"]
[EventType "swiss"]
[EventRounds "9"]
[EventCountry "GER"]
[SourceTitle "EXT 2020"]
[Source "ChessBase"]
[SourceDate "2019.10.17"]
[SourceVersion "1"]
[SourceVersionDate "2019.10.17"]
[SourceQuality "1"]

1. e4 c5 2. Nc3 Nc6 3. f4 d6 4. Nf3 g6 5. Bb5 Bd7 6. Bc4 Bg7 7. 0-0 e6 8. d3 Na5 9. Bb3 Nxb3 10. axb3 b5 11. Qe1 Qc7 12. Qh4 b4 13. Ne2 Nf6 14. Kh1 Qd8 15. e5 dxe5 16. fxe5 Nd5 17. Qxd8+ Kxd8 18. Ng5 Ke8 19. Nxf7 Rf8 20. Nd6+ Ke7 21. Bg5+ Bf6 22. Bxf6+ Rxf6 23. exf6+ Kxd6 24. f7 Ke7 25. Rxa7 Rf8 26. Ng3 Ne3 27. Rf3 Nxc2 28. Ne4 Nd4 29. Rf2 Nxb3 30. Ng5 Rh8 31. f8Q+ Rxf8 32. Rxf8 Kxf8 33. Rxd7 1-0

[Event "Bremen-ch op"]
[Site "Bremen"]
[Date "2018.03.27"]
[Round "5"]
[White "Rose, Helmut"]
[Black "Gebur, Thomas"]
[Result "0-1"]
[WhiteElo "1491"]
[BlackElo "1889"]
[PlyCount "42"]
[EventDate "2018.03.24"]
[EventType "swiss"]
[EventRounds "9"]
[EventCountry "GER"]
[SourceTitle "EXT 2019"]
[Source "ChessBase"]
[SourceDate "2018.10.10"]
[SourceVersion "1"]
[SourceVersionDate "2018.10.10"]
[SourceQuality "1"]

1. e4 c5 2. f4 d5 3. e5 Nc6 4. Nf3 Bg4 5. Be2 e6 6. h3 Bxf3 7. Bxf3 Qh4+ 8. Kf1 Qxf4 9. d4 Qxd4 10. Qe2 a6 11. Nc3 Qxe5 12. Qf2 0-0-0 13. Bd2 Nf6 14. Re1 Qd6 15. g3 h6 16. Na4 Nd4 17. Bf4 Qc6 18. b3 Nxf3 19. Qxf3 Ne4 20. c4 Bd6 21. Bxd6 Nd2+ 0-1

[Event "Bremen-ch op"]
[Site "Bremen"]
[Date "2018.03.26"]
[Round "4"]
[White "Gebur, Thomas"]
[Black "Stern, Philipp"]
[Result "0-1"]
[WhiteElo "1889"]
[BlackElo "1733"]
[PlyCount "76"]
[EventDate "2018.03.24"]
[EventType "swiss"]
[EventRounds "9"]
[EventCountry "GER"]
[SourceTitle "EXT 2019"]
[Source "ChessBase"]
[SourceDate "2018.10.10"]
[SourceVersion "1"]
[SourceVersionDate "2018.10.10"]
[SourceQuality "1"]

1. e4 c5 2. Nc3 g6 3. Nf3 Bg7 4. d4 cxd4 5. Nxd4 Nc6 6. Be3 Nf6 7. Bc4 Qa5 8. 0-0 0-0 9. Bb3 d6 10. f3 Bd7 11. Qd2 Rfe8 12. Qf2 Ne5 13. Nd5 Bc6 14. Bd2 Qd8 15. Nxf6+ Bxf6 16. Bc3 Qc7 17. Rad1 a5 18. a4 Qd7 19. Nxc6 bxc6 20. Qg3 Bg7 21. Kh1 Qc7 22. Qf4 Rf8 23. Qe3 c5 24. f4 Ng4 25. Qf3 Bxc3 26. Qxc3 Qb6 27. Qf3 c4 28. Qxg4 cxb3 29. c3 Rac8 30. f5 Rc4 31. fxg6 hxg6 32. Rf3 Kg7 33. Qd7 Qd8 34. Qg4 Rxa4 35. Qf4 Ra2 36. Rdf1 Qe8 37. Qd2 Qb5 38. Rh3 Qxf1# 0-1

[Event "Bremen-ch op"]
[Site "Bremen"]
[Date "2016.03.21"]
[Round "4"]
[White "Buhrdorf, Axel"]
[Black "Gebur, Thomas"]
[Result "1-0"]
[WhiteElo "1974"]
[BlackElo "1859"]
[PlyCount "55"]
[EventDate "2016.03.19"]
[EventType "swiss"]
[EventRounds "9"]
[EventCountry "GER"]
[SourceTitle "EXT 2018"]
[Source "ChessBase"]
[SourceDate "2017.10.13"]
[SourceVersion "1"]
[SourceVersionDate "2017.10.13"]
[SourceQuality "1"]

1. d4 f5 2. Nf3 Nf6 3. g3 g6 4. Bg2 Bg7 5. 0-0 0-0 6. c4 d6 7. Nc3 c6 8. d5 e5 9. dxe6 Bxe6 10. Qd3 Qe7 11. Ng5 h6 12. Nxe6 Qxe6 13. Bf4 Rd8 14. Rad1 Bf8 15. Rfe1 Na6 16. e4 Nc5 17. Qd4 Bg7 18. exf5 Qxf5 19. Qd2 g5 20. Be3 Rd7 21. Bd4 Rf8 22. Re2 Ne6 23. Bxa7 b5 24. Be3 bxc4 25. Bxc6 Rdd8 26. Bg2 Nc5 27. Nd5 Nd3 28. Ne7+ 1-0

[Event "GER-chT11-A email"]
[Site "GER email"]
[Date "2015.10.15"]
[Round "?.4"]
[White "Bergmann, Michael"]
[Black "Gebur, Thomas"]
[Result "1/2-1/2"]
[WhiteElo "2399"]
[BlackElo "2407"]
[PlyCount "75"]
[EventDate "2015.??.??"]
[EventType "tourn (corr)"]
[EventRounds "8"]
[EventCountry "GER"]
[SourceTitle "Corr 2017"]
[Source "ChessBase"]
[SourceDate "2017.09.19"]
[SourceVersion "1"]
[SourceVersionDate "2017.09.19"]
[SourceQuality "1"]
[WhiteTeam "SG Freibauer Luebbecke"]
[BlackTeam "Bremer SG von 1877"]

1. d4 f5 2. g3 Nf6 3. Bg2 g6 4. Nf3 Bg7 5. c4 0-0 6. 0-0 d6 7. Nc3 c6 8. Rb1 a5 9. a3 Nbd7 10. d5 cxd5 11. cxd5 Nc5 12. Be3 Nfd7 13. Na4 Nxa4 14. Qxa4 Nc5 15. Qf4 Nb3 16. Rfd1 Bd7 17. Qh4 Rc8 18. Ng5 h6 19. Ne6 g5 20. Nxd8 gxh4 21. Ne6 Rf7 22. Bf3 a4 23. Bh5 Rf6 24. Bd4 Nxd4 25. Rxd4 hxg3 26. hxg3 b5 27. e3 Bxe6 28. dxe6 Rxe6 29. Rb4 Re5 30. Be2 Rcc5 31. b3 Bf6 32. bxa4 bxa4 33. Rxa4 Ra5 34. Rbb4 Rxa4 35. Rxa4 Rc5 36. Ra8+ Kg7 37. a4 Bc3 38. Kg2 1/2-1/2